=LDR 00000nam 2200000 4500 =001 INLIS000000000015608 =005 20130612110902 =008 ***********************************Indo** =035 ##$$0010-061300000015608 =041 ##$$a Indo =082 ##$$a 028.5 =090 ##$$a 028.5, And b =100 ##$$a Andangjaya Hartoyo =245 ##$$a Buku Berbicara, Hartoyo Andangjaya =260 ##$$a 1984 $b Solo =300 ##$$a 60 hlm, ilus, 20 cm =650 ##$$a Bacaan Kanak-Kanak-SD =850 ##$$a NBPNMAT